01294nam a2200241Ia 4500001000600000003000900006008004100015040001300056040001300069041001300082100001100095100002900106245006600135245006500201250001100266260000900277260000900286260004900295300005500344500058500399650003700984650003101021G1568IT-RoPAU130308s9999 xx 000 0 und d aIT-RoPAU cIT-RoPAU aITALIANO aAA.VV. gCodice Aut. SPICS: 12000 aSala della comunità (La): un servizio pastorale e culturale bSala della Comunita' (La): un Servizio Pastorale e Culturale a1a ed. aROMA bACEC c1999 [1° Ed.:1999 - Ed.Ling.Originale:1999] a"24 p. (prefazione: no ; testo: 24 [pagine: 0-0])" aNota Pastorale della commissione Ecclesiale per le comunicazioni Sociali. sala della Comunità ieri e Oggi: da sala Cinematografica a sala della Comunità, sala della Comunità e progetto Culturale Orientato in Senso Cristiano, Valore e caratteristiche della sala della Comunità. protagonisti Dellavita della sala della Comunita': Comunità Cristiana nel suo Insieme, gruppo di Coloro che Animano, Contributo delle Associazioni, un Servizio per Tutti. Attività, Iniziative e Strumenti: Cinema, Televisione, Teatro, Musicae nuove Tecnologie. sala della Comunità e L'Acec. aTESTI DI DOCUMENTI ECCLESIASTICI eCodice materia Spics: 9101